Celtics vs Lakers - Statistics

General Stats
  • This quiz has been taken 19 times
  • The average score is 11 of 15
Answer Stats
Question Answer % Correct
Kobe Bryant played for this team Lakers
95%
Has won the most championships Celtics
89%
Won 8 straight championships in 1959-1966 Celtics
89%
True or False Paul Pierce played for the Lakers False
89%
Lebron James sign with what team in 2018 Lakers
89%
True or False the Lakers used to played in Minneapolis True
84%
True or False Magic Johnson and Larry Bird played each other three times in the finals True
84%
This team had a nickname called "showtime" in the 1980s Lakers
79%
Who plays in a stadium called Crypto Arena Lakers
74%
True or False Shaq have played for both teams True
74%
True or False Rajon Rondo helps the Celtics and Lakers win a championship True
68%
This team plays in a stadium called TD Garden Celtics
63%
Who lead the all time series (210-166) Celtics
58%
Had a tv show called "winning time" Lakers
58%
Who has more retired jersey's Celtics
53%
No matching quizzes found
Score Distribution
Percent of People with Each Score
Percentile by Number Answered
Your Score History
You have not taken this quiz